[Event "Rhein Main op 13th"]
[Site "Bad Homburg"]
[Date "2010.06.05"]
[Round "6"]
[White "Rothermel, Tim"]
[Black "Kilthau, Peter"]
[Result "0-1"]
[WhiteElo "1754"]
[BlackElo "1977"]
[PlyCount "58"]
[EventDate "2010.06.02"]
[EventType "swiss"]
[EventRounds "7"]
[EventCountry "GER"]
[SourceTitle "EXT 2011"]
[Source "ChessBase"]
[SourceDate "2010.11.26"]
[SourceVersion "1"]
[SourceVersionDate "2010.11.26"]
[SourceQuality "1"]

1. d3 e5 2. g3 Nf6 3. Bg2 d5 4. Nc3 c6 5. e4 Be6 6. f4 dxe4 7. fxe5 Bg4 8. Nge2 exd3 9. cxd3 Nd5 10. Nxd5 cxd5 11. Qa4+ Bd7 12. Qf4 Nc6 13. 0-0 Be6 14. d4 Be7 15. Be3 Nb4 16. Qf3 Nc2 17. Rad1 Nxe3 18. Qxe3 0-0 19. Nf4 Rc8 20. Qb3 Rc4 21. Qxb7 Rb4 22. Qc6 Bg4 23. Rd2 Qa5 24. Qxd5 Rb5 25. Qe4 Qxd2 26. Nd5 Rxd5 27. Qxd5 Be6 28. Qe4 Rd8 29. Qb7 Rd7 0-1

[Event "Karl Mala Memorial op 10th"]
[Site "Griesheim"]
[Date "2006.07.23"]
[Round "6"]
[White "Bittner, Peter"]
[Black "Rothermel, Tim"]
[Result "1-0"]
[WhiteElo "1969"]
[BlackElo "1346"]
[PlyCount "77"]
[EventDate "2006.07.20"]
[EventType "swiss"]
[EventRounds "7"]
[EventCountry "GER"]
[SourceTitle "CBM 113 Extra"]
[Source "ChessBase"]
[SourceDate "2006.09.14"]
[SourceVersion "1"]
[SourceVersionDate "2006.09.14"]
[SourceQuality "1"]

1. e4 c5 2. Nf3 Nc6 3. c3 e6 4. d4 d5 5. exd5 exd5 6. Bb5 Nf6 7. 0-0 Be7 8. dxc5 Bxc5 9. Ne5 Qb6 10. Bxc6+ bxc6 11. b4 Bd6 12. Nd3 0-0 13. Be3 Qc7 14. h3 Ba6 15. Re1 Rfe8 16. a4 h6 17. Na3 Bc8 18. Rc1 a5 19. Nc5 Be5 20. b5 cxb5 21. Nxb5 Qe7 22. Bd4 Ne4 23. f3 Bxh3 24. fxe4 Qg5 25. Rc2 Bg4 26. Qc1 Qh4 27. Bxe5 Rxe5 28. Re3 Rh5 29. Nd4 Qh2+ 30. Kf2 Qh4+ 31. Rg3 Qf6+ 32. Kg1 Qh4 33. Qe3 Rb8 34. Rc1 Rb2 35. Nc2 dxe4 36. Nxe4 Bf5 37. Qd4 Qh2+ 38. Kf2 f6 39. Nxf6+ 1-0

[Event "Gernsheim U20 op 3rd"]
[Site "Gernsheim"]
[Date "2005.05.??"]
[Round "3"]
[White "Rothermel, Tim"]
[Black "Kolb, Niklas"]
[Result "1-0"]
[WhiteElo "1030"]
[BlackElo "1113"]
[PlyCount "23"]
[EventDate "2005.05.??"]
[EventType "swiss"]
[EventRounds "7"]
[EventCountry "GER"]
[SourceTitle "EXT 2007"]
[Source "ChessBase"]
[SourceDate "2006.11.23"]
[SourceVersion "1"]
[SourceVersionDate "2006.11.23"]
[SourceQuality "1"]

1. e4 e5 2. Nf3 Nc6 3. d4 d6 4. Bc4 Bg4 5. d5 Nce7 6. h3 Bh5 7. Be3 Nf6 8. Nbd2 Bxf3 9. Qxf3 Qd7 10. b3 0-0-0 11. Bxa7 b6 12. Ba6# 1-0